000 01067nam a2200265 a 4500
999 _c20217
_d20217
005 20180605083703.0
008 140425s2012 ck a gr 00110dspa d
020 _a9789587530766
020 _a9789587530582 (obra completa)
040 _aCO-BoBLA
_cCO-BoBLA
_dCO-BoIAVH
041 0 _aspa
044 _ack
082 0 4 _a306.409861
_bP14h
100 1 _aPatiño Ossa, Germán
_d1948-
_b1948-
_eautor
245 1 0 _aFogón de negros :
_bcocina y cultura en una región latinoamericana /
_cGermán Patiño Ossa.
260 _aBogotá (Colombia) :
_bMinisterio de Cultura,
_c2012.
300 _a127 páginas :
_bilustraciones ;
_c21 x 17 cm.
490 0 _aBiblioteca básica de cocinas tradicionales de Colombia ;
_v8
504 _aIncluye referencias bibliográficas: páginas 125-127.
650 2 6 _aPreparación de alimentos
_xHistoria.
_zColombia
650 2 6 _aCostumbres alimenticias
_xHistoria
_zColombia
650 2 6 _aAntropología cultural
_zColombia.
650 2 6 _aAlimentos
_xHistoria
_zColombia.
942 _2ddc
_cREVISTA